[Event "Catalunya-ch U10"]
[Site "Vilaseca"]
[Date "2011.04.18"]
[Round "4.2"]
[White "Mallol Muste, Joan"]
[Black "Codina Calvo, Daniel"]
[Result "1-0"]
[WhiteElo "1876"]
[BlackElo "1792"]
[PlyCount "123"]
[EventDate "2011.04.16"]
[EventType "swiss"]
[EventRounds "8"]
[EventCountry "ESP"]
[SourceTitle "EXT 2024"]
[Source "ChessBase"]
[SourceDate "2023.10.10"]
[SourceVersion "1"]
[SourceVersionDate "2023.10.10"]
[SourceQuality "1"]

1. e4 e5 2. Nf3 Nc6 3. Bc4 Nf6 4. Nc3 Nxe4 5. Nxe4 d5 6. Qe2 dxc4 7. Qxc4 Be6 8. Qe2 Bg4 9. h3 Nd4 10. Qd3 Nxf3+ 11. gxf3 Qxd3 12. cxd3 Bxf3 13. Rg1 0-0-0 14. Rg3 Rxd3 15. Ng5 e4 16. Nxf7 Rg8 17. Ne5 Rd5 18. Nxf3 Bd6 19. Rg5 Rxg5 20. Nxg5 h6 21. Nxe4 Re8 22. f3 Kd7 23. d3 Rf8 24. Nxd6 cxd6 25. f4 Re8+ 26. Kd1 Rf8 27. Kc2 b5 28. Bd2 Rc8+ 29. Kb3 Ra8 30. Rg1 Rg8 31. Be3 a6 32. f5 Ke7 33. Bxh6 Kf6 34. Bf4 Kxf5 35. Bxd6 Rd8 36. Rf1+ Ke6 37. Bc7 Rxd3+ 38. Kb4 Rxh3 39. Rg1 Kf6 40. Ka5 Rh6 41. Bd8+ Kf5 42. Rxg7 Ke4 43. Bg5 Rc6 44. Ra7 Kd3 45. Rxa6 Rxa6+ 46. Kxa6 Kc4 47. b3+ Kc5 48. Be7+ Kc6 49. Ka5 Kb7 50. Kxb5 Ka8 51. a4 Ka7 52. Kc6 Kb8 53. Kb6 Ka8 54. Kc7 Ka7 55. b4 Ka8 56. b5 Ka7 57. a5 Ka8 58. a6 Ka7 59. b6+ Ka8 60. b7+ Ka7 61. b8Q+ Kxa6 62. Qb6# 1-0